[Event "Tarragona Province-ch"]
[Site "Tarragona"]
[Date "2018.11.25"]
[Round "9.9"]
[White "Negreiro Pozo, Benet"]
[Black "Aubanell Ber, Sergi"]
[Result "1/2-1/2"]
[WhiteElo "1919"]
[BlackElo "1887"]
[PlyCount "49"]
[EventDate "2018.09.30"]
[EventType "swiss"]
[EventRounds "9"]
[EventCountry "ESP"]
[SourceTitle "CBM 187 Extra"]
[Source "ChessBase"]
[SourceDate "2018.11.04"]
[SourceVersion "1"]
[SourceVersionDate "2018.11.04"]
[SourceQuality "1"]

1. e4 d5 2. exd5 Qxd5 3. Nf3 Bg4 4. Be2 Nc6 5. 0-0 0-0-0 6. d3 e5 7. Nc3 Qd7 8. Be3 f5 9. Bg5 Be7 10. Bxe7 Qxe7 11. Nd2 Bxe2 12. Nxe2 Nf6 13. Qe1 Rhe8 14. Nc3 Qd7 15. f3 g5 16. Qf2 Kb8 17. Rae1 h5 18. Nc4 h4 19. a3 h3 20. g3 Nd5 21. Nxd5 Qxd5 22. Ne3 Qf7 23. Nc4 Qd5 24. Ne3 Qf7 25. Nc4 1/2-1/2

[Event "Tarragona Province-ch"]
[Site "Tarragona"]
[Date "2018.10.21"]
[Round "4"]
[White "Aubanell Ber, Sergi"]
[Black "Cabanillas Roca, Christian"]
[Result "1-0"]
[WhiteElo "1887"]
[BlackElo "1724"]
[PlyCount "71"]
[EventDate "2018.09.30"]
[EventType "swiss"]
[EventRounds "9"]
[EventCountry "ESP"]
[SourceTitle "CBM 187 Extra"]
[Source "ChessBase"]
[SourceDate "2018.11.04"]
[SourceVersion "1"]
[SourceVersionDate "2018.11.04"]
[SourceQuality "1"]

1. d4 Nf6 2. Bg5 c6 3. Nc3 d5 4. Qd2 Bf5 5. f3 Qa5 6. e4 dxe4 7. fxe4 Bg6 8. 0-0-0 e6 9. d5 Bb4 10. Bxf6 gxf6 11. dxe6 Bxc3 12. exf7+ Bxf7 13. Qxc3 Qxc3 14. bxc3 Bxa2 15. c4 b5 16. cxb5 Be6 17. bxc6 Nxc6 18. Rd6 Nd8 19. Ra6 Ke7 20. Nh3 Bc8 21. Ra3 Ne6 22. Bc4 Bb7 23. Bd5 Rhb8 24. Rf1 Nc5 25. Re3 a5 26. Bxb7 Rxb7 27. e5 fxe5 28. Rxe5+ Kd6 29. Rh5 Re7 30. Rf6+ Ne6 31. Nf4 a4 32. Rhh6 Rae8 33. Rxe6+ Rxe6 34. Rxe6+ Rxe6 35. Nxe6 Kxe6 36. Kb2 1-0

[Event "Tarragona-chA"]
[Site "Tarragona"]
[Date "2017.11.19"]
[Round "8"]
[White "Romero Mendez, Antonio"]
[Black "Aubanell Ber, Sergi"]
[Result "0-1"]
[WhiteElo "1964"]
[BlackElo "1825"]
[PlyCount "76"]
[EventDate "2017.10.08"]
[EventType "swiss"]
[EventRounds "9"]
[EventCountry "ESP"]
[SourceTitle "CBM 181 Extra"]
[Source "ChessBase"]
[SourceDate "2017.12.12"]
[SourceVersion "1"]
[SourceVersionDate "2017.12.12"]
[SourceQuality "1"]

1. d4 Nf6 2. Bf4 d5 3. e3 c5 4. c3 Nc6 5. Bd3 Qb6 6. Qc1 Bd7 7. Nd2 Rc8 8. Ngf3 cxd4 9. exd4 g6 10. Bc2 Bg7 11. Rb1 0-0 12. 0-0 Nh5 13. Be3 f5 14. Nb3 f4 15. Bd2 e5 16. dxe5 Rce8 17. Re1 Nxe5 18. Nbd4 Nxf3+ 19. Nxf3 Qf6 20. Rxe8 Rxe8 21. Qf1 g5 22. h3 g4 23. hxg4 Bxg4 24. Nh2 Be2 25. Qc1 Qh4 26. Bd1 Bd3 27. Nf3 Qf6 28. Bc2 Be2 29. Bd1 Qg6 30. Bxe2 Rxe2 31. Qd1 Qd3 32. Rc1 Bf8 33. Qc2 Qe4 34. Qd1 Bc5 35. Nd4 Ng3 36. Bxf4 Qxf4 37. Nxe2 Bxf2+ 38. Kh2 Qh4# 0-1

[Event "Tarragona-chA"]
[Site "Tarragona"]
[Date "2017.11.12"]
[Round "7"]
[White "Aubanell Ber, Sergi"]
[Black "Cabrera Royo, Rafel"]
[Result "0-1"]
[WhiteElo "1825"]
[BlackElo "1954"]
[PlyCount "92"]
[EventDate "2017.10.08"]
[EventType "swiss"]
[EventRounds "9"]
[EventCountry "ESP"]
[SourceTitle "CBM 181 Extra"]
[Source "ChessBase"]
[SourceDate "2017.12.12"]
[SourceVersion "1"]
[SourceVersionDate "2017.12.12"]
[SourceQuality "1"]

1. d4 Nf6 2. Bg5 Ne4 3. Bf4 e6 4. Nd2 Nxd2 5. Qxd2 c5 6. d5 Qb6 7. c4 Be7 8. e4 exd5 9. cxd5 0-0 10. Bc4 Bf6 11. Rb1 Re8 12. f3 d6 13. Ne2 Nd7 14. 0-0 Ne5 15. b3 Bd7 16. Ng3 g6 17. Be3 Qc7 18. Be2 Bg7 19. f4 Ng4 20. Bxg4 Bxg4 21. h3 Bd7 22. Rf3 b5 23. Rbf1 b4 24. Qf2 Bb5 25. Re1 Bc3 26. Rd1 a5 27. f5 a4 28. f6 axb3 29. axb3 Bd7 30. Bc1 Bd4 31. Rxd4 cxd4 32. Qd2 Ra1 33. Ne2 Kh8 34. Kh2 Bb5 35. Bb2 Bxe2 36. Bxa1 Bxf3 37. gxf3 Rc8 38. Qh6 Rg8 39. Bxd4 Qc2+ 40. Kg3 Qxb3 41. Qf4 Qd1 42. e5 Qe1+ 43. Kg2 dxe5 44. Bxe5 Ra8 45. h4 Ra2+ 46. Kh3 Qh1+ 0-1

[Event "Tarragona Province-chA"]
[Site "L'Hospitalet Infant"]
[Date "2016.11.27"]
[Round "9"]
[White "Aubanell Ber, Sergi"]
[Black "Rius Guarch, Daniel"]
[Result "1/2-1/2"]
[WhiteElo "1843"]
[BlackElo "1914"]
[PlyCount "31"]
[EventDate "2016.10.02"]
[EventType "swiss"]
[EventRounds "9"]
[EventCountry "ESP"]
[SourceTitle "EXT 2018"]
[Source "ChessBase"]
[SourceDate "2017.10.13"]
[SourceVersion "1"]
[SourceVersionDate "2017.10.13"]
[SourceQuality "1"]

1. d4 g6 2. e4 Bg7 3. Nc3 d6 4. Bc4 Nf6 5. f3 c6 6. a4 b6 7. Nge2 Ba6 8. Qd3 Bxc4 9. Qxc4 c5 10. Be3 Nbd7 11. 0-0 0-0 12. Rad1 Re8 13. Qd3 Qc7 14. Nb5 Qc6 15. b3 cxd4 16. Nexd4 1/2-1/2

[Event "Tarragona Province-ch"]
[Site "Tarragona"]
[Date "2015.11.22"]
[Round "8"]
[White "Masalias Mira, Marc"]
[Black "Aubanell Ber, Sergi"]
[Result "1/2-1/2"]
[WhiteElo "2015"]
[BlackElo "2109"]
[PlyCount "50"]
[EventDate "2015.09.27"]
[EventType "swiss"]
[EventRounds "9"]
[EventCountry "ESP"]
[SourceTitle "EXT 2017"]
[Source "ChessBase"]
[SourceDate "2016.10.25"]
[SourceVersion "1"]
[SourceVersionDate "2016.10.25"]
[SourceQuality "1"]

1. e4 d5 2. exd5 Qxd5 3. d4 Nc6 4. Nf3 Bg4 5. Be2 0-0-0 6. c4 Qf5 7. 0-0 Bxf3 8. Bxf3 Rxd4 9. Qa4 Rd6 10. Bxc6 Rxc6 11. Qxa7 Ra6 12. Qe3 e6 13. Nc3 Nf6 14. Nb5 Bd6 15. Nxd6+ Rxd6 16. b4 Ng4 17. Qg3 Rd3 18. f3 Nf6 19. Qg5 Rhd8 20. Qxf5 exf5 21. Bg5 R8d6 22. c5 Re6 23. Rad1 Rxd1 24. Rxd1 h6 25. Bxf6 Rxf6 1/2-1/2

[Event "Tarragona Province-ch"]
[Site "Tarragona"]
[Date "2015.09.27"]
[Round "1"]
[White "Girona Masdeu, Jordi"]
[Black "Aubanell Ber, Sergi"]
[Result "0-1"]
[WhiteElo "1921"]
[BlackElo "2109"]
[PlyCount "96"]
[EventDate "2015.09.27"]
[EventType "swiss"]
[EventRounds "9"]
[EventCountry "ESP"]
[SourceTitle "EXT 2017"]
[Source "ChessBase"]
[SourceDate "2016.10.25"]
[SourceVersion "1"]
[SourceVersionDate "2016.10.25"]
[SourceQuality "1"]

1. e4 d5 2. exd5 Qxd5 3. Nc3 Qd6 4. d4 Nf6 5. Nf3 a6 6. Be2 Nc6 7. 0-0 Bf5 8. Be3 0-0-0 9. Qd2 e5 10. dxe5 Nxe5 11. Qc1 Nxf3+ 12. Bxf3 Qd7 13. Rd1 Bd6 14. Bc5 Qe7 15. Re1 Bxh2+ 16. Kxh2 Qxc5 17. Re2 Bg4 18. Qf4 Qh5+ 19. Kg1 Bxf3 20. gxf3 Rhe8 21. Rae1 Rxe2 22. Rxe2 Qg6+ 23. Kf1 Kb8 24. Re7 Rd7 25. Rxd7 Nxd7 26. Nd5 Qxc2 27. Qxf7 Qb1+ 28. Kg2 Qg6+ 29. Qxg6 hxg6 30. Kg3 Ne5 31. Kf4 Nd3+ 32. Kg5 Nxb2 33. Kxg6 Nd3 34. Kxg7 b5 35. f4 c6 36. f5 cxd5 37. f6 Ne5 38. f4 Nd7 39. f7 d4 40. f5 d3 41. f6 d2 42. f8Q+ Nxf8 43. Kxf8 d1Q 44. f7 Qd6+ 45. Kg8 a5 46. f8Q+ Qxf8+ 47. Kxf8 b4 48. Ke7 a4 0-1